[Event "30th WCh U20 Girls"]
[Site "Athens GRE"]
[Date "2012.08.03"]
[Round "2"]
[White "Medeiros, Thauane Ferreira"]
[Black "Sargsian, Shushanna"]
[Result "1/2-1/2"]
[WhiteElo "1855"]
[BlackElo "2047"]
[EventDate "2012.08.02"]
[PlyCount "73"]

1.d4 e6 2.e3 c5 3.Nf3 Nf6 4.Bd3 b6 5.Qe2 Bb7 6.O-O Be7 7.Nbd2 O-O 8.b3 Nc6
9.a3 Qc7 10.Bb2 cxd4 11.Nxd4 Nxd4 12.exd4 Nd5 13.Qh5 f5 14.Qd1 Nf4 15.Nf3 
Bd6 16.Rc1 Rf6 17.Re1 Rg6 18.g3 Qc6 19.Re3 Nh3+ 20.Kf1 Be7 21.c4 Bg5 22.d5
Qc7 23.Nxg5 Nxg5 24.Qe1 Rf8 25.f4 Ne4 26.Bxe4 fxe4 27.Rxe4 exd5 28.Re8 Qd6
29.Rd1 Kf7 30.Rxf8+ Kxf8 31.cxd5 Ba6+ 32.Kf2 Qc5+ 33.Qe3 Qc2+ 34.Rd2 Qb1 
35.Qe1 Qf5 36.Qe5 Qb1 37.Qe1 1/2-1/2

[Event "30th WCh U20 Girls"]
[Site "Athens GRE"]
[Date "2012.08.03"]
[Round "2"]
[White "Lefevre, Margaux"]
[Black "Forsa, Elise"]
[Result "1-0"]
[WhiteElo "2043"]
[BlackElo "1836"]
[EventDate "2012.08.02"]
[PlyCount "73"]

1.e4 c5 2.Nf3 e6 3.d4 cxd4 4.Nxd4 a6 5.Bd3 Nf6 6.Nc3 Qc7 7.Qe2 d6 8.f4 
Nbd7 9.Be3 b5 10.a4 b4 11.Nd1 Nc5 12.Bd2 Qb6 13.Nf3 Bd7 14.a5 Qb7 15.e5 
Nd5 16.Bc4 Bc6 17.Nd4 dxe5 18.Qxe5 Nd7 19.Qe2 Bd6 20.Nf5 Bf8 21.Nd4 Bd6 
22.Nf5 Bf8 23.Nf2 N7f6 24.Nd3 Bb5 25.Bb3 Bxd3 26.cxd3 Qc7 27.Ba4+ Nd7 28.
O-O g6 29.Rfc1 Qa7+ 30.Ne3 Bc5 31.Rxc5 Qxc5 32.Kh1 Rd8 33.Rc1 Qd6 34.Nc4 
Qb8 35.Ne5 Qb7 36.Bc6 Qa7 37.Bxd5 1-0

[Event "30th WCh U20 Girls"]
[Site "Athens GRE"]
[Date "2012.08.03"]
[Round "2"]
[White "Dominguez, Gisella"]
[Black "Frey, Alisa"]
[Result "0-1"]
[WhiteElo "1831"]
[BlackElo "2035"]
[EventDate "2012.08.02"]
[PlyCount "64"]

1.Nf3 Nf6 2.g3 g6 3.Bg2 Bg7 4.O-O O-O 5.d3 d5 6.Nbd2 c5 7.e4 Nc6 8.Re1 e5 
9.exd5 Nxd5 10.Nc4 Re8 11.a4 h6 12.Nfd2 f5 13.Nb3 b6 14.f4 Ba6 15.Nxe5 
Nxe5 16.fxe5 Nb4 17.Bxa8 Qxa8 18.a5 Qc6 19.d4 Bb7 20.d5 Nxd5 21.Qf3 Qc7 
22.Qf2 Nb4 23.h3 Qc6 24.Kh2 Rxe5 25.Bf4 Rxe1 26.Rxe1 c4 27.Nc1 Nd5 28.Ne2 
g5 29.Bd2 Bxb2 30.Nd4 Bxd4 31.Qxd4 Ne3 32.Rg1 Nf1+ 0-1

[Event "30th WCh U20 Girls"]
[Site "Athens GRE"]
[Date "2012.08.03"]
[Round "2"]
[White "Narva, Triin"]
[Black "York-Andersen, Anna"]
[Result "1-0"]
[WhiteElo "2028"]
[BlackElo "1828"]
[EventDate "2012.08.02"]
[PlyCount "65"]

1.e4 c6 2.d4 d5 3.e5 Bf5 4.Bd3 Bxd3 5.Qxd3 e6 6.Ne2 Nd7 7.O-O Ne7 8.Nbc3 
c5 9.Nb5 Nc6 10.c3 a6 11.Na3 b5 12.Nc2 Qh4 13.f4 g6 14.Bd2 Bg7 15.Be1 Qd8 
16.Rf3 O-O 17.Rh3 Rb8 18.Qf3 a5 19.Ne3 Ne7 20.Bh4 f6 21.Qg4 Nf5 22.Nxf5 
exf5 23.Qf3 g5 24.Qxd5+ Kh8 25.fxg5 fxg5 26.Bxg5 Qxg5 27.Qxd7 f4 28.Rf1 
cxd4 29.cxd4 b4 30.Qd5 a4 31.Qe4 Bh6 32.d5 Rf5 33.Rxh6 1-0

[Event "30th WCh U20 Girls"]
[Site "Athens GRE"]
[Date "2012.08.03"]
[Round "2"]
[White "Owens, Megan"]
[Black "Bucar, Natasa"]
[Result "1-0"]
[WhiteElo "1816"]
[BlackElo "2022"]
[EventDate "2012.08.02"]
[PlyCount "77"]

1.c4 e5 2.g3 d6 3.Bg2 g6 4.Nc3 Bg7 5.Nf3 Nc6 6.O-O f5 7.d3 Nf6 8.Rb1 a5 9.
Ne1 O-O 10.Nc2 Ne7 11.b4 axb4 12.Rxb4 c6 13.Be3 Nd7 14.Qe1 h6 15.f4 Kh7 
16.h3 Ng8 17.Bd2 Nc5 18.Qf2 exf4 19.gxf4 Bxc3 20.Bxc3 Rxa2 21.Rb2 Rxb2 22.
Bxb2 Nf6 23.Bd4 Ncd7 24.Ra1 c5 25.Bc3 Qb6 26.Na3 Qb3 27.Nb5 Qc2 28.Bxf6 
Rxf6 29.Qe3 Qb2 30.Qe7+ Kh8 31.Rf1 Nf8 32.d4 Nh7 33.e3 cxd4 34.Nxd6 Be6 
35.Ne8 Rf7 36.Qxe6 Kg8 37.Bd5 dxe3 38.Qxf7+ Kh8 39.Qg8# 1-0

[Event "30th WCh U20 Girls"]
[Site "Athens GRE"]
[Date "2012.08.03"]
[Round "2"]
[White "Unapkoshvili, Nani"]
[Black "Tuzi, Bruna"]
[Result "1-0"]
[WhiteElo "2011"]
[BlackElo "1546"]
[EventDate "2012.08.02"]
[PlyCount "43"]

1.d4 d5 2.c4 dxc4 3.e3 e6 4.Bxc4 c5 5.Nf3 Nf6 6.O-O Nc6 7.Nc3 cxd4 8.exd4 
Nb4 9.Bg5 Be7 10.Bxf6 Bxf6 11.Qa4+ Nc6 12.d5 exd5 13.Rfe1+ Kf8 14.Nxd5 
Bxb2 15.Rad1 g6 16.Qb3 Bf6 17.Qe3 Kg7 18.Qf4 Bf5 19.Nc7 Qb8 20.g3 Be5 21.
Rxe5 Nxe5 22.Qxe5+ 1-0

[Event "30th WCh U20 Girls"]
[Site "Athens GRE"]
[Date "2012.08.04"]
[Round "3"]
[White "Bodnaruk, Anastasia"]
[Black "Wang Jue"]
[Result "1-0"]
[WhiteElo "2414"]
[BlackElo "2355"]
[EventDate "2012.08.02"]
[PlyCount "79"]

1.e4 c5 2.Nf3 d6 3.d4 cxd4 4.Nxd4 Nf6 5.Nc3 a6 6.h3 e6 7.g4 Be7 8.g5 Nfd7 
9.h4 b5 10.a3 Bb7 11.Be3 Nc5 12.Bg2 Nc6 13.Nxc6 Bxc6 14.Qg4 a5 15.Rd1 Qc7 
16.h5 Qb7 17.Bxc5 dxc5 18.g6 Bf6 19.Rd6 hxg6 20.hxg6 Rxh1+ 21.Bxh1 Ke7 22.
e5 Bxh1 23.gxf7 Bxe5 24.Rxe6+ Kxf7 25.Qg6+ Kg8 26.Rxe5 b4 27.Rh5 Qe7+ 28.
Kf1 Bb7 29.Qh7+ Kf7 30.Rf5+ Ke8 31.Qg6+ Kd8 32.Qb6+ Ke8 33.Qg6+ Kd8 34.
Qb6+ Ke8 35.Nb5 Bg2+ 36.Kxg2 Qe4+ 37.Rf3 Qg4+ 38.Rg3 Qe4+ 39.Kh2 Qh4+ 40.
Kg1 1-0

[Event "30th WCh U20 Girls"]
[Site "Athens GRE"]
[Date "2012.08.04"]
[Round "3"]
[White "Ziaziulkina, Nastassia"]
[Black "Cori Tello, Deysi"]
[Result "1-0"]
[WhiteElo "2342"]
[BlackElo "2413"]
[EventDate "2012.08.02"]
[PlyCount "181"]

1.e4 e6 2.d4 d5 3.Nc3 Nf6 4.e5 Nfd7 5.f4 c5 6.Nf3 Nc6 7.Be3 Be7 8.Qd2 b6 
9.O-O-O c4 10.f5 b5 11.fxe6 fxe6 12.Bg5 Qa5 13.Bxe7 Nxe7 14.Ne4 Qxd2+ 15.
Nexd2 b4 16.g3 Nb6 17.Bh3 h6 18.Rhf1 Bd7 19.Rf2 Na4 20.Nf1 c3 21.b3 Nb2 
22.Re1 Rf8 23.Ne3 a5 24.Nd1 a4 25.Nxb2 axb3 26.cxb3 Rxa2 27.Kb1 Ra3 28.Nd3
Rxb3+ 29.Kc1 Ra3 30.Kb1 b3 31.Bg4 g6 32.Rc1 b2 33.Nxb2 h5 34.Nd3 hxg4 35.
Nfe1 Rxf2 36.Nxf2 Ba4 37.Nxg4 Nf5 38.Nc2 Bxc2+ 39.Kxc2 Nxd4+ 40.Kd3 Nb5 
41.Rb1 Ra5 42.Ne3 Kd7 43.Nc2 Na3 44.Rb7+ Kc6 45.Rb3 Nb5 46.Nd4+ Nxd4 47.
Rxc3+ Kd7 48.Kxd4 Ra4+ 49.Kc5 Ke7 50.Kb5 Re4 51.Rc7+ Kf8 52.h4 Rxe5 53.Kc5
Re3 54.Kd6 d4 55.g4 d3 56.g5 Rf3 57.Kxe6 Rf4 58.Rc8+ Kg7 59.Rc7+ Kg8 60.
Rd7 Rf3 61.Ke5 Kf8 62.Ke4 Rh3 63.Rxd3 Rxh4+ 64.Ke5 Ra4 65.Rd6 Kf7 66.Rd7+ 
Ke8 67.Rd6 Kf7 68.Rd7+ Ke8 69.Rb7 Ra6 70.Rc7 Rb6 71.Ra7 Rb5+ 72.Kf6 Rb6+ 
73.Kg7 Re6 74.Kh6 Kf8 75.Rg7 Re5 76.Rxg6 Re3 77.Ra6 Rg3 78.Kg6 Rg1 79.Ra8+
Ke7 80.Rg8 Rh1 81.Kg7 Rg1 82.g6 Rg2 83.Ra8 Rg1 84.Kh7 Rh1+ 85.Kg8 Rg1 86.
g7 Rg2 87.Ra4 Re2 88.Rh4 Rg2 89.Kh8 Kf7 90.Rf4+ Ke7 91.g8=Q 1-0

[Event "30th WCh U20 Girls"]
[Site "Athens GRE"]
[Date "2012.08.04"]
[Round "3"]
[White "Kashlinskaya, Alina"]
[Black "Vojinovic, Jovana"]
[Result "1/2-1/2"]
[WhiteElo "2391"]
[BlackElo "2337"]
[EventDate "2012.08.02"]
[PlyCount "98"]

1.d4 e6 2.Nf3 Nf6 3.c4 Bb4+ 4.Nc3 b6 5.e3 Bb7 6.Bd3 Ne4 7.Qc2 Ng5 8.Nxg5 
Qxg5 9.f3 Qh4+ 10.Qf2 Qxf2+ 11.Kxf2 Bxc3 12.bxc3 c5 13.e4 d6 14.a4 Nc6 15.
e5 cxd4 16.exd6 Ne5 17.Rd1 dxc3 18.Ba3 Kd7 19.Be2 Rhc8 20.c5 bxc5 21.Rac1 
Bd5 22.Ba6 c2 23.Re1 Kxd6 24.Rxc2 Rc7 25.Rec1 Nd7 26.Bb5 a6 27.Bxd7 Kxd7 
28.Rxc5 Rxc5 29.Bxc5 a5 30.Bd4 f6 31.Rc5 Kd6 32.Rc1 Bc6 33.Bc3 Kc7 34.f4 
Kd7 35.Bd2 Bxa4 36.Ra1 Bb5 37.Rxa5 Ba6 38.g4 Ke7 39.h4 Kf7 40.Be3 Bb7 41.
Rxa8 Bxa8 42.Bd4 Ke7 43.Bc5+ Ke8 44.Bd4 Ke7 45.Bc5+ Kf7 46.Bd4 Bd5 47.Kg3 
Bb3 48.Bc3 Bd1 49.Bb2 Bc2 1/2-1/2

[Event "30th WCh U20 Girls"]
[Site "Athens GRE"]
[Date "2012.08.04"]
[Round "3"]
[White "Schut, Lisa"]
[Black "Bulmaga, Irina"]
[Result "0-1"]
[WhiteElo "2305"]
[BlackElo "2380"]
[EventDate "2012.08.02"]
[PlyCount "120"]

1.e4 c5 2.Nf3 d6 3.d4 cxd4 4.Nxd4 Nf6 5.Nc3 a6 6.Bg5 Nbd7 7.Bc4 Qb6 8.Bb3 
e6 9.O-O Be7 10.Be3 Nc5 11.f4 Qc7 12.f5 b5 13.fxe6 fxe6 14.a3 Nxb3 15.cxb3
O-O 16.Kh1 Qb7 17.Qd3 Bd7 18.Bg5 Rae8 19.b4 h6 20.Bh4 Bd8 21.Rad1 Ng4 22.
Bxd8 Rxd8 23.Qe2 e5 24.Rxf8+ Rxf8 25.Nf5 Bxf5 26.exf5 h5 27.h3 Nh6 28.f6 
Nf5 29.Kh2 Rxf6 30.Ne4 Rg6 31.Qf3 Qf7 32.Rf1 Nh6 33.Qd1 Qc4 34.Qf3 Nf7 35.
b3 Qe6 36.Qxh5 Rh6 37.Qf3 Rh4 38.Qe3 Qg6 39.Ng3 Nh6 40.Qf3 Kh7 41.Qa8 Ng4+
42.Kg1 Nf6 43.Kh2 Ng4+ 44.Kg1 Ne3 45.Rf8 Qxg3 46.Rh8+ Kg6 47.Qe8+ Kf5 48.
Qf7+ Ke4 49.Qf3+ Qxf3 50.gxf3+ Kxf3 51.Rxh4 d5 52.Rh7 d4 53.Rxg7 d3 54.Rd7
Ke2 55.h4 d2 56.h5 Nf5 57.Kg2 e4 58.Kh3 d1=Q 59.Rxd1 Kxd1 60.Kg4 e3 0-1

[Event "30th WCh U20 Girls"]
[Site "Athens GRE"]
[Date "2012.08.04"]
[Round "3"]
[White "Arabidze, Meri"]
[Black "Kulon, Klaudia"]
[Result "1/2-1/2"]
[WhiteElo "2379"]
[BlackElo "2259"]
[EventDate "2012.08.02"]
[PlyCount "150"]

1.d4 Nf6 2.c4 g6 3.Nc3 Bg7 4.e4 d6 5.Nf3 O-O 6.Be2 e5 7.O-O Nc6 8.Be3 Ng4 
9.Bg5 f6 10.Bc1 f5 11.Bg5 Qd7 12.dxe5 fxe4 13.Nxe4 Ngxe5 14.Nxe5 Nxe5 15.
Qd2 Qe6 16.Qd5 Qxd5 17.cxd5 Bf5 18.Nc3 a6 19.Rfd1 b5 20.Rac1 Rf7 21.b3 Re8
22.h3 Nd7 23.Be3 Rxe3 24.fxe3 Bh6 25.e4 Be3+ 26.Kh2 Bf4+ 27.Kh1 Bxc1 28.
Rxc1 b4 29.exf5 bxc3 30.fxg6 hxg6 31.Rxc3 Nb6 32.Bxa6 Nxd5 33.Rg3 Nb4 34.
Bb5 Rf5 35.a4 Kg7 36.Rg4 c5 37.a5 Rf8 38.h4 Kh6 39.Re4 Ra8 40.Re6 Rxa5 41.
Be8 d5 42.Rxg6+ Kh7 43.Rb6 d4 44.Rb7+ Kh8 45.Rd7 Ra3 46.Bf7 Nd3 47.Bc4 Ne5
48.Rd5 Nxc4 49.bxc4 Rc3 50.Rxc5 d3 51.Kh2 d2 52.Rd5 Rxc4 53.Kh3 Rc2 54.Rd7
Kg8 55.h5 Kf8 56.g4 Ke8 57.Rd4 Kf7 58.Kh4 Kf6 59.Rd5 Ke6 60.Rd8 Kf6 61.Rd7
Ke6 62.Rd3 Kf6 63.Rd8 Ke7 64.Rd5 Ke6 65.Rd4 Kf6 66.Kg3 Rc3+ 67.Kh4 Rc2 68.
Rd3 Rb2 69.h6 d1=Q 70.g5+ Kg6 71.Rxd1 Rb4+ 72.Kg3 Kxg5 73.h7 Rb8 74.Rd7 
Rh8 75.Kf3 Kg6 1/2-1/2

[Event "30th WCh U20 Girls"]
[Site "Athens GRE"]
[Date "2012.08.04"]
[Round "3"]
[White "Guo Qi"]
[Black "Aulia, Medina Warda"]
[Result "1-0"]
[WhiteElo "2358"]
[BlackElo "2218"]
[EventDate "2012.08.02"]
[PlyCount "71"]

1.d4 Nf6 2.Bg5 Ne4 3.Bf4 d5 4.e3 e6 5.Bd3 Bd6 6.Qg4 O-O 7.Bxe4 dxe4 8.Bxd6
Qxd6 9.Qxe4 Qb4+ 10.Nd2 Qxb2 11.Nb3 Qc3+ 12.Kd1 c5 13.Ne2 Qb2 14.Kd2 cxd4 
15.exd4 Nc6 16.a3 Na5 17.Nxa5 Qb5 18.Qe5 Qd7 19.Rhb1 b6 20.Nc4 Rd8 21.Qb5 
Qc7 22.Ne3 Bb7 23.f4 Rac8 24.Ke1 Bc6 25.Qg5 f6 26.Qg4 f5 27.Qg3 Bd5 28.Kf2
Ba8 29.Rb5 Rf8 30.Re5 Rf6 31.Kg1 Rg6 32.Qf2 h5 33.d5 exd5 34.Nxf5 Kf8 35.
Ne7 Rg4 36.h3 1-0

[Event "30th WCh U20 Girls"]
[Site "Athens GRE"]
[Date "2012.08.04"]
[Round "3"]
[White "Rodriguez Rueda, Paula Andrea"]
[Black "Goryachkina, Aleksandra"]
[Result "0-1"]
[WhiteElo "2196"]
[BlackElo "2361"]
[EventDate "2012.08.02"]
[PlyCount "66"]

1.d4 d5 2.c4 e6 3.Nf3 c6 4.e3 Bd6 5.Nc3 f5 6.Bd3 Nf6 7.Qc2 O-O 8.Bd2 Ne4 
9.O-O Nd7 10.Rad1 Rf6 11.Ne5 Nxe5 12.dxe5 Bxe5 13.f4 Nxd2 14.Rxd2 Bd6 15.
Kh1 Bd7 16.g3 Qe7 17.Rfd1 Be8 18.Kg2 Rd8 19.a3 Bc7 20.b4 dxc4 21.Bxc4 
Rxd2+ 22.Rxd2 a5 23.Qb3 b5 24.Be2 Kh8 25.Bf3 e5 26.Qb1 e4 27.Be2 Bb6 28.
Nd1 Rd6 29.Qb2 Qd7 30.Rxd6 Qxd6 31.Qc3 axb4 32.axb4 Bd8 33.Qd4 Be7 0-1

[Event "30th WCh U20 Girls"]
[Site "Athens GRE"]
[Date "2012.08.04"]
[Round "3"]
[White "Pavlidou, Ekaterini"]
[Black "Batkovskyte, Dominyka"]
[Result "1/2-1/2"]
[WhiteElo "2237"]
[BlackElo "2096"]
[EventDate "2012.08.02"]
[PlyCount "134"]

1.d4 d5 2.c4 dxc4 3.Nf3 e6 4.e3 c5 5.Bxc4 a6 6.a4 Nf6 7.O-O Nc6 8.Qe2 Qc7 
9.Rd1 Bd6 10.dxc5 Bxc5 11.b3 O-O 12.Bb2 e5 13.h3 Bf5 14.Nbd2 Rfe8 15.Rac1 
Bd6 16.Nf1 Bg6 17.Nh4 Rad8 18.Ng3 Qb6 19.Ngf5 Bf8 20.Rxd8 Rxd8 21.Nxg6 
hxg6 22.Nh4 Bb4 23.Qc2 Kf8 24.Nf3 Qa5 25.Rd1 Rxd1+ 26.Qxd1 e4 27.Bxf6 gxf6
28.Qd7 Be7 29.Qxb7 exf3 30.Qxc6 Qe1+ 31.Bf1 fxg2 32.Kxg2 a5 33.Qa8+ Kg7 
34.Bc4 Qd2 35.Qe8 Qd8 36.Qxf7+ Kh6 37.Bd5 Bb4 38.Kf3 Bc3 39.e4 Qc8 40.Kg2 
Qd8 41.f4 Qc8 42.Be6 Qa8 43.Kh2 Qb8 44.Kg3 Qd6 45.Qd7 Qb6 46.Kf3 Qg1 47.
Ke2 Bd4 48.Bc4 Qe3+ 49.Kd1 Qf3+ 50.Be2 Qxb3+ 51.Ke1 Qb1+ 52.Kd2 Qb4+ 53.
Kc2 Qb2+ 54.Kd1 Be3 55.Bc4 Bxf4 56.Qd3 Qa1+ 57.Ke2 Qxa4 58.Kf3 Be5 59.Qd8 
Qa3+ 60.Bd3 Kg7 61.Qd7+ Kg8 62.Kg4 Qc5 63.Kf3 Qc1 64.Qe8+ Kg7 65.Qe7+ Kg8 
66.Qe8+ Kg7 67.Qe7+ Kg8 1/2-1/2

[Event "30th WCh U20 Girls"]
[Site "Athens GRE"]
[Date "2012.08.04"]
[Round "3"]
[White "Galunova, Tsveta"]
[Black "Abdumalik, Zhansaya"]
[Result "1/2-1/2"]
[WhiteElo "2091"]
[BlackElo "2193"]
[EventDate "2012.08.02"]
[PlyCount "111"]

1.e4 c5 2.c3 d5 3.exd5 Qxd5 4.d4 Nf6 5.Nf3 Bg4 6.Be2 e6 7.O-O Nc6 8.h3 Bh5
9.Be3 cxd4 10.cxd4 Be7 11.Nc3 Qd6 12.Qb3 O-O 13.Rfd1 Rfd8 14.Rac1 a6 15.
Na4 Nd5 16.Nc5 b6 17.Nb7 Na5 18.Nxa5 bxa5 19.Qa4 Qb6 20.Bd2 Qxb2 21.Rc2 
Qa3 22.Qxa3 Bxa3 23.Bxa5 Rdc8 24.Rxc8+ Rxc8 25.Rb1 h6 26.g3 Bg6 27.Rb3 Bd6
28.Ne5 Bxe5 29.dxe5 Rc2 30.Bf3 Rxa2 31.Bd8 Ra1+ 32.Kg2 Re1 33.Ra3 Rxe5 34.
Rxa6 Nb4 35.Ra5 Re1 36.Ra8 Kh7 37.Ba5 Rb1 38.Rb8 Nd5 39.Rxb1 Bxb1 40.Bxd5 
exd5 41.Bc3 Kg6 42.Kf3 f6 43.Kf4 Kh5 44.Ke3 Bf5 45.h4 Kg4 46.Bb2 Be4 47.
Bc3 h5 48.Bb2 Bc2 49.Bc3 Kf5 50.f4 Ke6 51.Kd4 Be4 52.Bb2 Kf5 53.Ke3 g5 54.
fxg5 fxg5 55.hxg5 Kxg5 56.Be5 1/2-1/2

[Event "30th WCh U20 Girls"]
[Site "Athens GRE"]
[Date "2012.08.04"]
[Round "3"]
[White "Sargsian, Shushanna"]
[Black "Abdulla, Khayala"]
[Result "1/2-1/2"]
[WhiteElo "2047"]
[BlackElo "2217"]
[EventDate "2012.08.02"]
[PlyCount "67"]

1.d4 Nf6 2.Nf3 e6 3.c4 b6 4.Nc3 Bb4 5.Bg5 Bb7 6.Rc1 O-O 7.e3 d5 8.a3 Be7 
9.Be2 Nbd7 10.O-O dxc4 11.Bxc4 c5 12.Qe2 Ne4 13.Nxe4 Bxe4 14.Bxe7 Qxe7 15.
dxc5 Nxc5 16.b4 Nd7 17.Bd3 Bxd3 18.Qxd3 Nf6 19.Rc6 Rfd8 20.Qc2 Qd7 21.h3 
Qd5 22.Rc1 h6 23.a4 Ne4 24.Qc4 Qf5 25.Qc2 Qd5 26.Rc4 Ng5 27.Nxg5 Qxg5 28.
Qe4 Qh5 29.Rd4 Rac8 30.Rxc8 Rxc8 31.Qg4 Rc1+ 32.Kh2 Qxg4 33.hxg4 g6 34.Kg3
1/2-1/2

[Event "30th WCh U20 Girls"]
[Site "Athens GRE"]
[Date "2012.08.04"]
[Round "3"]
[White "Edes, Zsofia"]
[Black "Varga, Klara"]
[Result "0-1"]
[WhiteElo "2081"]
[BlackElo "2181"]
[EventDate "2012.08.02"]
[PlyCount "90"]

1.d4 e6 2.c4 Nf6 3.Nc3 Bb4 4.Qc2 d5 5.cxd5 Qxd5 6.Nf3 c5 7.a3 Bxc3+ 8.Qxc3
Ne4 9.Qc2 Nd7 10.Be3 c4 11.g3 Nd6 12.Rc1 b5 13.Bg2 Bb7 14.O-O Qf5 15.Qd1 
Be4 16.Bf4 Qd5 17.Bh3 Bxf3 18.exf3 Nf5 19.Be3 Nb6 20.Bg2 Rd8 21.f4 Qd7 22.
Qe2 O-O 23.Rfd1 Nd5 24.g4 Nh4 25.Be4 f5 26.Bh1 Ng6 27.g5 Ndxf4 28.Qf3 Nd3 
29.Rc2 f4 30.Bd2 Qxd4 31.Bc3 Qc5 32.Qb7 Qxg5+ 33.Kf1 Rf7 34.Qe4 e5 35.Re2 
Rdf8 36.b3 f3 37.Re3 Qh5 38.Qd5 Qh3+ 39.Kg1 Kh8 40.bxc4 Qg4+ 41.Kf1 bxc4 
42.Rdxd3 cxd3 43.Bb4 Qh3+ 44.Ke1 Qxh2 45.Bxf3 Qg1+ 0-1

[Event "30th WCh U20 Girls"]
[Site "Athens GRE"]
[Date "2012.08.04"]
[Round "3"]
[White "Kolaric, Spela"]
[Black "Petrova, Irina"]
[Result "0-1"]
[WhiteElo "2071"]
[BlackElo "2173"]
[EventDate "2012.08.02"]
[PlyCount "56"]

1.d4 Nf6 2.c4 c5 3.Nf3 cxd4 4.Nxd4 e5 5.Nb5 d5 6.cxd5 Bc5 7.e3 O-O 8.N5c3 
e4 9.g3 Bg4 10.Be2 Bh3 11.g4 Nfd7 12.Rg1 f5 13.Rg3 Qh4 14.d6 Nc6 15.Nd5 
Bxd6 16.Ne7+ Qxe7 17.Rxh3 fxg4 18.Bc4+ Kh8 19.Qxg4 Nf6 20.Qh4 Rac8 21.Nc3 
Nb4 22.Nd5 Nbxd5 23.Bxd5 Rc5 24.Bb3 Rh5 25.Qxh5 Nxh5 26.Rxh5 Qf6 27.f4 
exf3 28.Kf2 Qg6 0-1

[Event "30th WCh U20 Girls"]
[Site "Athens GRE"]
[Date "2012.08.04"]
[Round "3"]
[White "Osmak, Yulia"]
[Black "Manelidou, Maria"]
[Result "0-1"]
[WhiteElo "2171"]
[BlackElo "2056"]
[EventDate "2012.08.02"]
[PlyCount "102"]

1.e4 e5 2.Nf3 Nc6 3.Bb5 a6 4.Ba4 d6 5.d4 b5 6.d5 Nb8 7.Bb3 Nf6 8.Nbd2 Nbd7
9.c3 g6 10.O-O Bg7 11.Bc2 O-O 12.Nb3 h6 13.a4 bxa4 14.Rxa4 Nb6 15.Ra2 Nh5 
16.Na5 f5 17.exf5 Bxf5 18.Bxf5 gxf5 19.c4 Qe8 20.b4 Qf7 21.Ne1 Nf6 22.Nc2 
f4 23.f3 c6 24.dxc6 Nxc4 25.Qe2 Nd2 26.Bxd2 Qxa2 27.Qd3 Qd5 28.Qe2 Rfc8 
29.Rc1 Rab8 30.Na3 e4 31.c7 Ra8 32.Bxf4 exf3 33.gxf3 Qd4+ 34.Be3 Qxb4 35.
N3c4 Rxc7 36.Bb6 Re8 37.Qf2 Rcc8 38.Rd1 d5 39.Nb2 Rb8 40.Bd4 Qxa5 41.Qg3 
Nh5 42.Qg4 Re1+ 43.Kg2 Rxd1 44.Qe6+ Kh7 45.Qf5+ Kh8 46.Nxd1 Bxd4 47.Qxh5 
Qd2+ 48.Kh3 Rg8 49.Nf2 Qg5 50.Qf7 Qg2+ 51.Kh4 Bxf2+ 0-1

[Event "30th WCh U20 Girls"]
[Site "Athens GRE"]
[Date "2012.08.04"]
[Round "3"]
[White "Lefevre, Margaux"]
[Black "Sihite, Chelsie Monica"]
[Result "0-1"]
[WhiteElo "2043"]
[BlackElo "2162"]
[EventDate "2012.08.02"]
[PlyCount "70"]

1.e4 e5 2.Nf3 Nc6 3.Bc4 Bc5 4.O-O Nf6 5.d4 Bxd4 6.Nxd4 Nxd4 7.f4 d6 8.fxe5
dxe5 9.Bg5 Be6 10.Na3 Qe7 11.c3 Bxc4 12.Bxf6 gxf6 13.Nxc4 Ne6 14.Kh1 Qc5 
15.Qb3 O-O-O 16.Rxf6 Nf4 17.Rf1 Rhg8 18.g3 Nd3 19.a4 a6 20.Qa2 Rg6 21.Rxf7
Qc6 22.Nd2 Nc5 23.Rf8 Rd6 24.b4 Nxa4 25.c4 b6 26.Qc2 Kb7 27.Rxd8 Rxd8 28.
Ra1 b5 29.Nb3 Kc8 30.Na5 Qf6 31.cxb5 Qf3+ 32.Kg1 Qe3+ 33.Kh1 Rd2 34.Qxd2 
Qxd2 35.bxa6 Qxb4 0-1

[Event "30th WCh U20 Girls"]
[Site "Athens GRE"]
[Date "2012.08.04"]
[Round "3"]
[White "Frey, Alisa"]
[Black "Kulkarni, Bhakti Pradip"]
[Result "0-1"]
[WhiteElo "2035"]
[BlackElo "2159"]
[EventDate "2012.08.02"]
[PlyCount "74"]

1.e4 d5 2.exd5 Nf6 3.d4 Bg4 4.f3 Bf5 5.g4 Bg6 6.c4 e6 7.g5 Nfd7 8.Nc3 Be7 
9.h4 O-O 10.Qb3 b6 11.Bf4 exd5 12.Nxd5 Bd6 13.O-O-O Nc6 14.Bh3 Ne7 15.Bxd6
cxd6 16.Qb5 f5 17.Re1 Nxd5 18.Qxd5+ Bf7 19.Qxf5 Nb8 20.d5 b5 21.Qe4 Nd7 
22.Qe7 Ne5 23.Qxd8 Raxd8 24.Rd1 bxc4 25.Rh2 Nd3+ 26.Kc2 Nb4+ 27.Kc3 Nxd5+ 
28.Kd4 Nb4 29.a3 Nc6+ 30.Kc3 d5 31.Ne2 Rfe8 32.f4 Bh5 33.Kd2 Na5 34.Bf1 
Nb3+ 35.Kc3 Re3+ 36.Kb4 Rb8+ 37.Ka4 Be8# 0-1

[Event "30th WCh U20 Girls"]
[Site "Athens GRE"]
[Date "2012.08.04"]
[Round "3"]
[White "Klek, Hanna-Marie"]
[Black "Cemhan, Kardelen"]
[Result "1/2-1/2"]
[WhiteElo "2248"]
[BlackElo "1938"]
[EventDate "2012.08.02"]
[PlyCount "88"]

1.Nf3 d5 2.c4 dxc4 3.g3 Nf6 4.Bg2 Nbd7 5.O-O e6 6.Qa4 a6 7.Qxc4 b5 8.Qc2 
Bb7 9.d3 c5 10.a4 Be7 11.axb5 axb5 12.Rxa8 Qxa8 13.Na3 Bc6 14.Ne1 Nd5 15.
e4 Nb4 16.Qe2 O-O 17.f4 Nf6 18.g4 c4 19.dxc4 bxc4 20.e5 Bc5+ 21.Kh1 Bxg2+ 
22.Nxg2 Ne4 23.Be3 Bxe3 24.Qxe3 Rd8 25.Nxc4 Rd3 26.Qe1 Nc2 27.Qe2 Nb4 28.
Re1 Nc5 29.Nd6 Qd5 30.Ne4 Nxe4 31.Qxe4 Qxe4 32.Rxe4 Rd1+ 33.Re1 Rd2 34.Ra1
g6 35.f5 Nd3 36.h3 Rxb2 37.Ra8+ Kg7 38.fxe6 fxe6 39.Ra7+ Kg8 40.Ra8+ Kf7 
41.Ra7+ Kg8 42.Ra8+ Kg7 43.Ra7+ Kh6 44.Ra3 Nxe5 1/2-1/2

[Event "30th WCh U20 Girls"]
[Site "Athens GRE"]
[Date "2012.08.04"]
[Round "3"]
[White "Orozco Lopez, Lina Yomayra"]
[Black "Narva, Triin"]
[Result "1-0"]
[WhiteElo "2150"]
[BlackElo "2028"]
[EventDate "2012.08.02"]
[PlyCount "125"]

1.e4 d5 2.exd5 Qxd5 3.Nc3 Qd6 4.d4 Nf6 5.Nf3 c6 6.h3 Bf5 7.g3 Nd5 8.Nxd5 
Qxd5 9.c4 Qe4+ 10.Qe2 e6 11.Bd2 Nd7 12.Bc3 Nb6 13.b3 Be7 14.g4 Bg6 15.Bg2 
O-O-O 16.Qxe4 Bxe4 17.O-O Bxf3 18.Bxf3 Bf6 19.Rad1 Rd7 20.Rd3 Rhd8 21.Rfd1
g6 22.a4 Na8 23.Kg2 Nc7 24.b4 a6 25.Be4 Ne8 26.d5 Bxc3 27.Rxc3 exd5 28.
cxd5 Nf6 29.Rd4 Nxd5 30.Bxd5 Rxd5 31.Rc5 f5 32.gxf5 Rxf5 33.Rxf5 gxf5 34.
Rc4 Kd7 35.Rh4 Rg8+ 36.Kf3 Rg7 37.Rh6 Rf7 38.Kf4 Kc7 39.a5 Kd7 40.h4 Ke7 
41.f3 Kd7 42.Ke5 Kc7 43.f4 b6 44.Ke6 Rg7 45.Kxf5 bxa5 46.bxa5 Rd7 47.Ke4 
Re7+ 48.Kd4 Rd7+ 49.Ke4 Re7+ 50.Kf5 Rd7 51.Kg5 Rd5+ 52.f5 Rxa5 53.Rxh7+ 
Kd6 54.Kg6 Ra1 55.Rh5 c5 56.f6 Rf1 57.Rf5 Rg1+ 58.Rg5 Rf1 59.Kg7 Ke6 60.
Rxc5 Rg1+ 61.Rg5 Rf1 62.h5 Rxf6 63.Rg6 1-0

[Event "30th WCh U20 Girls"]
[Site "Athens GRE"]
[Date "2012.08.04"]
[Round "3"]
[White "Ivekovic, Ana"]
[Black "Iordanidou, Zoi"]
[Result "1/2-1/2"]
[WhiteElo "1959"]
[BlackElo "2166"]
[EventDate "2012.08.02"]
[PlyCount "87"]

1.e4 c6 2.d4 d5 3.e5 Bf5 4.h4 h5 5.Nf3 e6 6.Be2 c5 7.c3 Nc6 8.Qb3 Qc7 9.
O-O c4 10.Qd1 b5 11.Bd2 Rb8 12.b3 Nge7 13.a4 a6 14.b4 Ng6 15.axb5 axb5 16.
Na3 Be7 17.g3 Nf8 18.Ng5 Bg6 19.Bf4 Bd8 20.Nc2 Qb7 21.Ne3 Ne7 22.Ra3 Nd7 
23.Qa1 Bb6 24.Qa2 O-O 25.Qd2 Ra8 26.Rxa8 Rxa8 27.Rc1 Qa7 28.Qd1 Qa3 29.Ng2
Qb2 30.Bxh5 Ra2 31.Nh3 Bxh5 32.Qxh5 Ra1 33.Qd1 Ra3 34.Qd2 Qxd2 35.Bxd2 Ra2
36.Be3 Bc7 37.Kf1 Nb6 38.Ke1 Na4 39.Ngf4 Nc6 40.Ne2 Kf8 41.Nhf4 Bd8 42.Bd2
Ke8 43.Nh3 Bb6 44.Rb1 1/2-1/2

[Event "30th WCh U20 Girls"]
[Site "Athens GRE"]
[Date "2012.08.04"]
[Round "3"]
[White "Liao, Simone"]
[Black "Semenova, Elena"]
[Result "1/2-1/2"]
[WhiteElo "1933"]
[BlackElo "2134"]
[EventDate "2012.08.02"]
[PlyCount "86"]

1.e4 e5 2.Bc4 Nf6 3.d3 Nc6 4.Nf3 Be7 5.O-O O-O 6.Re1 d6 7.c3 Na5 8.Bb5 a6 
9.Ba4 b5 10.Bc2 c5 11.Nbd2 Re8 12.Nf1 Nc6 13.Ng3 g6 14.h3 Bf8 15.d4 cxd4 
16.cxd4 Qc7 17.Be3 Bb7 18.Rc1 Qd7 19.Bb3 exd4 20.Bxd4 Nxd4 21.Qxd4 Bg7 22.
Qb6 Rac8 23.e5 Nd5 24.Qxd6 Qxd6 25.exd6 Rxc1 26.Rxc1 Rd8 27.Ne4 Nf4 28.Re1
Nd3 29.Re3 Bxe4 30.Rxe4 Nc5 31.Re3 Nxb3 32.Rxb3 Rxd6 33.g3 Rc6 34.Kg2 f5 
35.Ne1 Bd4 36.Nd3 Kf7 37.a4 bxa4 38.Rb4 Rd6 39.Rxa4 Bf6 40.Ra3 h5 41.b4 
Be7 42.Nc5 Rb6 43.Nxa6 Bxb4 1/2-1/2

[Event "30th WCh U20 Girls"]
[Site "Athens GRE"]
[Date "2012.08.04"]
[Round "3"]
[White "Anusca, Madalina-Maria"]
[Black "Messam-Sparks, Lateefah"]
[Result "0-1"]
[WhiteElo "2079"]
[BlackElo "1947"]
[EventDate "2012.08.02"]
[PlyCount "74"]

1.d4 Nf6 2.c4 e6 3.Nf3 d5 4.Nc3 c6 5.Bg5 Be7 6.e3 Nbd7 7.Rc1 h6 8.Bh4 O-O 
9.Bd3 dxc4 10.Bxc4 b5 11.Bd3 b4 12.Na4 Bb7 13.O-O Rc8 14.Nc5 Nxc5 15.dxc5 
Nd7 16.Bxe7 Qxe7 17.Bb1 a5 18.Qd3 Nf6 19.Nd4 Rfd8 20.e4 g6 21.Qe3 Ng4 22.
Qf4 Rxd4 23.Qxg4 e5 24.a3 Rcd8 25.f4 h5 26.Qg5 Qxg5 27.fxg5 Ba6 28.Rfe1 b3
29.h4 a4 30.Kh2 Rd2 31.Rc3 Rxb2 32.Rf3 Rbd2 33.Rf6 Bb5 34.Re3 Rd1 35.Ref3 
R8d7 36.Bd3 R1xd3 37.Rxd3 Rxd3 0-1